00374pab a2200133 454500008004000000100002300040245008500063260000900148300001400157362000800171650002700179650001000206773002400216180718b2005 xxu||||| |||| 00| 0 eng d aJudge, Paramjit S. aCaste conflicts in Punjab: an examination of recent Jat-dalit clash in a village c2005 ap.151-68. aSep aCaste - India - Punjab aCaste aMan and Development